Vorlesungen über Zahlentheorie /

Guardado en:
Autor Principal: Hasse, Helmut, 1898-1979.
Formato: Libro
Idioma:German
Publicado: Berlin : Springer-Verlag, 1950.
Series:Die Grundlehren der mathematischen Wissenschaften in Einzeldarstellungen mit besonderer Berücksichtigung der Anwendungsgebiete ; Bd. 59
Etiquetas: Agregar Etiqueta
Sin Etiquetas, Sea el primero en etiquetar este registro!
LEADER 00633nam a22001695a 4500
001 MAT.inmabb000679
008 031118s1950####gw############001#0#ger#d
005 20170814143846.0
245 1 0 |a Vorlesungen über Zahlentheorie /  |c von Helmut Hasse. 
260 |a Berlin :  |b Springer-Verlag,  |c 1950. 
300 |a xii, 474 p. ;  |c 24 cm. 
440 4 |a Die Grundlehren der mathematischen Wissenschaften in Einzeldarstellungen mit besonderer Berücksichtigung der Anwendungsgebiete ;  |v Bd. 59 
510 4 |a MR,  |c MR0051844 
100 1 |a Hasse, Helmut,  |d 1898-1979. 
084 |a 11-XX  |2 msc2000 
010 |a  51000117  
859 |h 11  |i H354v  |p A-1372  |b BIB. MATEMATICA